Differential games of persuit
Αποθηκεύτηκε σε:
| Κύριος συγγραφέας: | |
|---|---|
| Μορφή: | Βιβλίο |
| Γλώσσα: | English |
| Δημοσίευση: |
Singapore ; New Jersey :
World scientific,
c1993
|
| Σειρά: | Series on optimization ;
; 2 |
| Θέματα: | |
| Ετικέτες: |
Προσθήκη ετικέτας
Δεν υπάρχουν, Καταχωρήστε ετικέτα πρώτοι!
|
MARC
| LEADER | 00000nam a2200000 i 4500 | ||
|---|---|---|---|
| 001 | 1/80524 | ||
| 008 | 990510s1993 eng d | ||
| 020 | |a 981-02-0979-7 | ||
| 035 | |l 10050656 | ||
| 040 | |a GR-MY-UA |b gre |e aacr | ||
| 041 | 0 | |a eng | |
| 082 | 0 | |a 519.3 | |
| 100 | 1 | |a Petrosjan, Leon A. | |
| 245 | 1 | 0 | |a Differential games of persuit / |c Leon A. Petrosjan |
| 260 | |a Singapore ; New Jersey : |b World scientific, |c c1993 | ||
| 300 | |a ix, 325 p.; |b ill.; |c 23 cm. | ||
| 490 | 1 | |a Series on optimization |v ; 2 | |
| 500 | |a Includes bibliographical references and index | ||
| 650 | 0 | 0 | |a Differential games. |
| 830 | 0 | |a Series on optimization ; |v ; 2 | |
| 852 | |a INST |b SAMOS |e 19990510 |h 519.3 PET |p 005300023229 |q 005300023229 |t BK |y 0 | ||
| 901 | |a BIBL3-1999-2 | ||
| 909 | |a Σ |b 064657 | ||
| 922 | |a 3ΕΛΗ |b 199903 |c ΚΠΣ |d GLORY | ||